000
00399nam a22001217a 4500
020
_a
0071074821
100
_a
M Laxmikanth
245
_a
Public Administration
260
_a
New Delhi
_b
McGraw Hill
_c
2011
300
_a
982p
942
_c
BK
999
_c
2710
_d
2710